000 00388pab a2200145 454500
008 180718b1990 xxu||||| |||| 00| 0 eng d
100 _aAttar Chand
245 _aEmerging challenges in spatial planning with focus on manpower research and education
260 _c1990
300 _a25-9
362 _aJuly
650 _aManpower - Research
773 _aCivic Affairs
909 _a13496
999 _c13496
_d13496